Mini Sudoku II Quiz Stats

 Plays Quiz Updated Mar 17, 2020

Support Sporcle.
Go Orange.
Score 0/10 Timer 03:00
5 Plays Today
% Correct
1
96.2%
2
94.9%
1
94.8%
3
94.8%
2
93.9%
1
92.4%
3
92.3%
4
91.9%
2
91.3%
4
88.1%

From the Vault

MLB - 300 Times on Base in a Season

by deej

Sports 20m
The only downside to reaching this many bases is all the actual running you have to do.
Remove Ads.
Support Sporcle.
Get the best of Sporcle when you Go Orange. This ad-free experience offers more features, more stats, and more fun while also helping to support Sporcle. Thank you for becoming a member.

Show Comments

Extras

Top Quizzes Today


Score Distribution

Your Account Isn't Verified!

In order to create a playlist on Sporcle, you need to verify the email address you used during registration. Go to your Sporcle Settings to finish the process.

Report this User

Report this user for behavior that violates our Community Guidelines.

Details: